Rojo y negro
Guardado en:
| Hovedforfatter: | |
|---|---|
| Format: | Bog |
| Sprog: | Undetermined |
| Udgivet: |
Buenos Aires, Argentina
Sopena
1941
|
| Fag: | |
| Tags: |
Tilføj Tag
Ingen Tags, Vær først til at tagge denne postø!
|
MARC
| LEADER | 00000nam a2200000Ia 4500 | ||
|---|---|---|---|
| 008 | 170316s9999 xx 000 0 und d | ||
| 040 | |a cru BVZT | ||
| 090 | |a 840 S-20ro | ||
| 100 | |a Stendhal | ||
| 245 | |a Rojo y negro | ||
| 260 | |a Buenos Aires, Argentina | ||
| 260 | |b Sopena | ||
| 260 | |c 1941 | ||
| 300 | |a 283 páginas | ||
| 650 | |a LITERATURA FRANCESA | ||
| 999 | |c 7998 |d 7998 | ||
| 942 | |c 15 D |h 840 S-20ro |2 z | ||
